España sagrada. (Record no. 174610)

MARC details
000 -LEADER
campo de control de longitud fija 01072nam a2200277 4500
001 - NÚMERO DE CONTROL
campo de control 174610
003 - IDENTIFICADOR DE NÚMERO DE CONTROL
campo de control ES-MaACL
005 - FECHA Y HORA DE LA ÚLTIMA TRANSACCIÓN
campo de control 20250831072603.0
008 - DATOS DE LONGITUD FIJA--INFORMACIÓN GENERAL
campo de control de longitud fija 100511s1801 sp p |||| | spa d
080 ## - NÚMERO DE LA CLASIFICACIÓN DECIMAL UNIVERSAL
Número de la Clasificación Decimal Universal 27(460)
100 1# - ENTRADA PRINCIPAL--NOMBRE DE PERSONA
Nombre de persona Flórez, Enrique,
Fechas asociadas al nombre 1702-1773
9 (RLIN) 142679
240 10 - TÍTULO UNIFORME
Título uniforme España sagrada
245 10 - MENCIÓN DEL TÍTULO
Título España sagrada.
Número de parte o sección de la obra Tomo XLII,
Nombre de parte o sección de la obra Las antiguedades civiles y eclesiásticas de las ciudades de Dertosa, Egara y Emporias con los documentos concernientes á los asuntos que se tratan /
Mención de responsabilidad, etc. su autor, Manuel Risco.
260 ## - PUBLICACIÓN, DISTRIBUCIÓN, ETC.
Lugar de publicación, distribución, etc. En Madrid :
Nombre del editor, distribuidor, etc. en la imprenta de la viuda de D. Joaquin Ibarra,
Fecha de publicación, distribución, etc. 1801.
300 ## - DESCRIPCIÓN FÍSICA
Extensión XVIII, 362 p. ;
Dimensiones 20 cm.
504 ## - NOTA DE BIBLIOGRAFÍA, ETC.
Nota de bibliografía, etc. Apéndices, p. 279-354.
504 ## - NOTA DE BIBLIOGRAFÍA, ETC.
Nota de bibliografía, etc. Índice de cosas notables, p. 355-362.
546 ## - NOTA DE IDIOMA
Nota de lengua/lenguaje Textos en latín, p. 279-330.
650 #7 - PUNTO DE ACCESO ADICIONAL DE MATERIA--TÉRMINO DE MATERIA
Fuente del encabezamiento o término embne
Término de materia o nombre geográfico como elemento de entrada Historia eclesiástica
9 (RLIN) 13400
651 #4 - PUNTO DE ACCESO ADICIONAL DE MATERIA--NOMBRE GEOGRÁFICO
Nombre geográfico España-
Subdivisión general Historia eclesiástica.
9 (RLIN) 8368
700 0# - ENTRADA AGREGADA--NOMBRE PERSONAL
Nombre de persona Risco, Manuel.
9 (RLIN) 97459
852 4# - LOCALIZACIÓN
Ubicación ES-MaACL
Número de control de estantería R-1617-69
Encuadernación C-16767-818
942 ## - ELEMENTOS DE ENTRADA SECUNDARIOS (KOHA)
Fuente del sistema de clasificación o colocación Clasificación decimal universal
Holdings
Estatus retirado Estado de pérdida Estado de daño No para préstamo Colección Biblioteca de origen Biblioteca actual Ubicación en estantería Fecha de adquisición Fuente de adquisición Total de préstamos Signatura topográfica completa Código de barras Visto por última vez Precio de reemplazo Tipo de ítem Koha
        Libros del s. XIX Biblioteca del Ateneo de Madrid Biblioteca del Ateneo de Madrid Depósito 11/05/2010     R-1658 1183305 23/02/2023 23/02/2023 Libro impreso antiguo